000 00424nam a2200181Ia 4500
001 9770
005 20260306161742.0
008 260306t1971||||xx |||||||||||||| ||spa||
041 _aESP
082 _a415
_bL596
100 _aLyons, John
_eAUT
245 0 _aIntroduction to theoretical linguistics
260 _c1971
300 _a519 páginas :
_c21 cm.
650 _aGEN
654 _aCED
942 _cLIB
_dJUS
_fJUS
_2ddc
_n
999 _c9770
_d9770